| 000 | 00873nam a2200241 i 4500 | ||
|---|---|---|---|
| 001 | 112033 | ||
| 003 | ES-MaACL | ||
| 005 | 20230906185418.0 | ||
| 007 | t| | ||
| 008 | 061121s1985 sp r ||||1| spa d | ||
| 020 | _a84-249-0987-9 | ||
| 100 | 1 |
_aOrringer, Nelson R. _987354 |
|
| 245 | 1 | 0 |
_aUnamuno y los protestantes liberales (1912) : _bsobre las fuentes de "Del sentimiento trágico de la vida" / _cNelson R. Orringer. |
| 260 |
_aMadrid : _bGredos, _c1985. |
||
| 300 |
_a254 p. ; _c19 cm. |
||
| 490 | 1 |
_aBiblioteca hispánica de filosofía ; _v98 |
|
| 504 | _aBibliografía: p. 237-248. | ||
| 600 | 1 | 7 |
_aUnamuno, Miguel de, _d1864-1936- _xReligión _2 _9165170 |
| 740 | 0 | 2 | _aDel sentimiento trágico de la vida en los hombres y en los pueblos. |
| 830 | 1 |
_aBiblioteca hispánica de filosofía ; _v98 _9181000 |
|
| 852 |
_aES-MaACL _jL-9728 |
||
| 999 |
_c112033 _d112033 |
||